Abraham Lincoln appointment book, (Record no. 42941)
[ view plain ]
| 000 -LEADER | |
|---|---|
| fixed length control field | 00656cpcaa2200205 a 4500 |
| 001 - CONTROL NUMBER | |
| control field | mm 80075967 |
| 003 - CONTROL NUMBER IDENTIFIER | |
| control field | DLC |
| 005 - DATE AND TIME OF LATEST TRANSACTION | |
| control field | 20260227111705.0 |
| 008 - FIXED-LENGTH DATA ELEMENTS--GENERAL INFORMATION | |
| fixed length control field | 800902|||||||||||| eng |
| 010 ## - LIBRARY OF CONGRESS CONTROL NUMBER | |
| LC control number | mm 80075967 |
| 040 ## - CATALOGING SOURCE | |
| Original cataloging agency | DLC |
| Transcribing agency | DLC |
| Modifying agency | DLC |
| Description conventions | dacs |
| 072 #7 - SUBJECT CATEGORY CODE | |
| Subject category code | W |
| Source | lcmd |
| 100 1# - MAIN ENTRY--PERSONAL NAME | |
| Personal name | Lincoln, Abraham, |
| Dates associated with a name | 1809-1865. |
| 245 00 - TITLE STATEMENT | |
| Title | Abraham Lincoln appointment book, |
| Inclusive dates | 1861. |
| 300 ## - PHYSICAL DESCRIPTION | |
| Extent | 1 |
| Type of unit | microfilm reel. |
| 506 0# - RESTRICTIONS ON ACCESS NOTE | |
| Terms governing access | Open to research. |
| 533 ## - REPRODUCTION NOTE | |
| Type of reproduction | Microfilm of originals in private hands. |
| Place of reproduction | [S.l.]. |
| 535 1# - LOCATION OF ORIGINALS/DUPLICATES NOTE | |
| Custodian | Private |
No items available.